000
00314nam a22001217a 4500
003
SGT
082
_a
891.4309
_b
B01A
100
_a
आज़ाद, ए. आर.
245
_a
बिखरे चित्र
260
_b
एक एक कतरा प्रकाशन
_c
2001
300
_a
112
942
_2
ddc
_c
BK
999
_c
31275
_d
31275